| 000 | 00882nam a2200241 4500 | ||
|---|---|---|---|
| 001 | 78520 | ||
| 003 | BD-RjUL | ||
| 005 | 20211209083135.0 | ||
| 008 | 210929s1971 ii a|||| |||| 00| 0 ben d | ||
| 020 | _c: IRs. 5.00 | ||
| 035 | _a(BD-RjUL)78746 | ||
| 040 |
_aBD-RjUL _bben/eng _cBD-RjUL |
||
| 041 | _aben | ||
| 082 |
_223 _a954.92 _bBEB 1971 |
||
| 100 |
_aবেদুইন _9193431 |
||
| 245 |
_aবাঙলার রণাঙ্গনে / _cবেদুইন |
||
| 250 | _a১ম সং. | ||
| 260 |
_aকলিকাতা: _bশ্রীজিতেন্দ্রনাথ মুখোপাধ্যায়, _c১৯৭১ (জষ্ঠ ১৩৭৮) |
||
| 300 |
_a[১৩], ১৪৮ পৃ. : _bচিত্র ; _c২১ সেমি. |
||
| 651 |
_aবাংলাদেশ _xইতিহাস _9248750 |
||
| 651 |
_aBangladesh _xHistory _9248751 |
||
| 942 |
_2ddc _cBK |
||
| 999 |
_c78520 _d78520 |
||